[Event "1st Open Internaziunale d'Aiacciu"]
[Site "Ajaccio FRA"]
[Date "2012.04.27"]
[Round "6.2"]
[White "Mullon,J"]
[Black "Brethes,F"]
[Result "1/2-1/2"]
[WhiteElo "2405"]
[BlackElo "2249"]

1.e4 e6 2.d4 d5 3.Nd2 Nc6 4.Ngf3 Nf6 5.e5 Nd7 6.Nb3 a5 7.a4 Be7 8.Bb5 O-O
9.O-O f6 10.exf6 Nxf6 11.Re1 Qe8 12.Bd2 Qh5 13.Bxc6 bxc6 14.Ne5 Qh4 15.Nf3 Qh5
16.Re5 Qe8 17.Bxa5 Bd6 18.Be1 Ne4 19.Qe2 Bxe5 20.Nxe5 c5 21.a5 cxd4 22.Nxd4 c5
23.Ndf3 Ba6 24.c4 Nd6 25.Qe3 Nxc4 26.Nxc4 Bxc4 27.Ne5 d4 28.Qc1 Ba6 29.Qxc5 Qb5
30.Qxb5 Bxb5 31.Rd1 Rfd8 32.f4 Rac8 33.Nf3 d3 34.Bc3 Rc4 35.g3 Re4 36.Rd2 h6
37.Kf2 Ba6 38.Ne5 Re2+ 39.Rxe2 dxe2 40.Be1 g5 41.fxg5 hxg5 42.h4 Rd5 43.Nc6 Rf5+
44.Ke3 Kf7 45.b4 gxh4 46.gxh4 Rd5 47.Nd4 Kf6 48.Ke4 Re5+ 49.Kf3 Rd5 50.Ke4 Re5+
51.Kf3 Rd5  1/2-1/2

[Event "TCh-ITA 2012"]
[Site "Arvier ITA"]
[Date "2012.04.27"]
[Round "1"]
[White "Jones,G"]
[Black "Di Paolo,R"]
[Result "1-0"]
[WhiteElo "2635"]
[BlackElo "2309"]

1.e4 e6 2.d4 d5 3.Nd2 Be7 4.Ngf3 c5 5.exd5 exd5 6.Bd3 Nf6 7.dxc5 O-O 8.Nb3 a5
9.a4 Na6 10.Be3 Qc7 11.Bxa6 Rxa6 12.h3 Rd8 13.Nfd4 Ne4 14.Nb5 Qe5 15.Qe2 Rg6
16.g4 Bh4 17.N5d4 Rf6 18.O-O-O Nxf2 19.Bxf2 Qxe2 20.Nxe2 Rxf2 21.Nc3 f5 22.Nxa5 fxg4
23.hxg4 Bg5+ 24.Kb1 Bxg4 25.Nxb7 Bxd1 26.Nxd1 Rf4 27.Nxd8 Bxd8 28.Nc3 Rc4
29.Nxd5 Rxc5 30.Rd1 Ra5 31.b3 g5 32.c4 Kf7 33.Kc2 h5 34.Kd3 Kg6 35.Ke4 Ra6
36.Nf4+ gxf4 37.Rxd8 Rf6 38.Kf3 Rb6 39.Rd3  1-0

[Event "TCh-ITA 2012"]
[Site "Arvier ITA"]
[Date "2012.04.28"]
[Round "3"]
[White "Salvetti,A"]
[Black "Bove,A"]
[Result "1/2-1/2"]
[WhiteElo "2210"]
[BlackElo "2362"]

1.e4 e6 2.d4 d5 3.Nd2 Be7 4.exd5 exd5 5.Bd3 Nc6 6.c3 Nf6 7.h3 O-O 8.Ne2 Bd6
9.O-O Ne7 10.Ng3 Re8 11.Nf3 Ng6 12.Bg5 Nf4 13.Qd2 Nxd3 14.Qxd3 h6 15.Bxf6 Qxf6
16.Rae1 Bd7 17.Nh2 a6 18.b3 Qf4 19.Nf3 Rxe1 20.Rxe1 Re8 21.Rxe8+ Bxe8 22.Ne2 Qf6
23.Qe3 Qe7 24.Qd3 Qe6 25.a4 f6 26.Nh4 Bf7 27.Nf5 Bf8 28.Ne3 Bd6 29.g4 h5
30.f3 hxg4 31.hxg4 Bg6 32.Nf5 Bxf5 33.gxf5 Qe8 34.Kf2 Qh5 35.b4 Kh7 36.a5 c6
37.Ke1 Qg5 38.Kd1 Kh6 39.Ke1 Bf4 40.Kd1 Qh4 41.Kc2 Qf2 42.Kb3 Be3 43.f4 Kh5
44.Qd1 Kg4 45.Ng1+ Kg3 46.Ne2+ Kf3 47.Nc1+ Kg2 48.Nd3 Qd2 49.Qg4+ Kf1 50.Qf3+ Kg1
51.Qg3+ Kf1 52.Qf3+ Kg1 53.Qg3+  1/2-1/2

[Event "TCh-CHN 2012"]
[Site "Beijing CHN"]
[Date "2012.04.28"]
[Round "1"]
[White "Andriasian,Z"]
[Black "Mu Ke"]
[Result "1-0"]
[WhiteElo "2616"]
[BlackElo "2286"]

1.e4 e6 2.d4 d5 3.Nd2 Nc6 4.Ngf3 Nf6 5.e5 Nd7 6.Be2 f6 7.exf6 Qxf6 8.Nf1 Bd6
9.Ne3 O-O 10.O-O Qf7 11.c4 Nf6 12.c5 Bf4 13.g3 Bh6 14.Ng2 Bxc1 15.Rxc1 Ne4
16.Nf4 g5 17.Nd3 Qg7 18.Nde5 g4 19.Nh4 Nxe5 20.dxe5 Qxe5 21.Rc2 Qg7 22.Bxg4 c6
23.f3 Nf6 24.Bh3 e5 25.Bxc8 Raxc8 26.Nf5 Qd7 27.Nd6 Rc7 28.Re2 Qe6 29.b4 b6
30.Qc1 bxc5 31.bxc5 Rg7 32.Qh6 Rg6 33.Qe3 Nd7 34.f4 Qf6 35.Ref2 e4 36.f5 Rg7
37.Rf4 Ne5 38.Kh1 Rb8 39.Rh4 Nf7 40.Nxf7 Rxf7 41.Rh6 Qe5 42.Re6 Qxe6 43.fxe6 Rxf1+
44.Kg2 Rf5 45.g4 Rb2+ 46.Kg1 Rb1+ 47.Kg2 Rb2+ 48.Kg1 Re5 49.Qh6  1-0

[Event "Ostravsky Konik A"]
[Site "Ostrava CZE"]
[Date "2012.04.28"]
[Round "1.28"]
[White "Nguyen,Thai Dai Van"]
[Black "Krouzel,J"]
[Result "1-0"]
[WhiteElo "1897"]
[BlackElo "2143"]

1.e4 e6 2.d4 d5 3.Nd2 Nc6 4.Ngf3 Nf6 5.e5 Nd7 6.Bd3 Nb4 7.Be2 c5 8.c3 Nc6
9.O-O f6 10.Re1 fxe5 11.Nxe5 Ncxe5 12.dxe5 Nxe5 13.Bh5+ Nf7 14.Qf3 g6 15.Bg4 e5
16.Bxc8 Rxc8 17.c4 Bg7 18.cxd5 O-O 19.Ne4 Nd6 20.Qg4 Nf5 21.d6 Kh8 22.Bg5 Qd7
23.Be7 Rf7 24.Ng5 Rxe7 25.dxe7 Qxe7 26.f4 Bf6 27.Rad1 c4 28.Kh1 b5 29.Ne4 Rf8
30.Nxf6 Qxf6 31.Rxe5 Nh6 32.Qg5 Qxg5 33.Rxg5 Nf5 34.g4 Ne3 35.Re1 Nc2 36.Re4 a6
37.Rd5 Nb4 38.Rd7 Nd3 39.Ree7 Rc8 40.Rxh7+ Kg8 41.Rdg7+ Kf8 42.Rxg6 c3 43.bxc3 Rxc3
44.Rxa6  1-0

[Event "3rd Royal Residence Cup"]
[Site "Zhovkva UKR"]
[Date "2012.04.28"]
[Round "6"]
[White "Jurcik,Mart"]
[Black "Leshchyshak,I"]
[Result "1-0"]
[WhiteElo "2348"]
[BlackElo "2137"]

1.e4 e6 2.d4 d5 3.Nd2 Nc6 4.Ngf3 Nf6 5.e5 Nd7 6.Nb3 Be7 7.h4 O-O 8.Bf4 f6
9.Qd2 fxe5 10.dxe5 Nb4 11.O-O-O c5 12.Ng5 Nb6 13.c3 Nc6 14.Qc2 g6 15.g3 Bd7
16.Nxh7 Kxh7 17.h5 Be8 18.hxg6+ Kg8 19.g7 Rf5 20.g4 Bg5 21.gxf5 Bxf4+ 22.Kb1 Nxe5
23.Nxc5 Qf6 24.Nxe6 Bh6 25.f4 Nec4 26.Bd3 Ne3 27.Qh2 Nxd1 28.Qxh6 Qxh6 29.Rxh6 Bd7
30.Rh8+ Kf7 31.Rf8+  1-0

[Event "TCh-CHN 2012"]
[Site "Beijing CHN"]
[Date "2012.04.29"]
[Round "2"]
[White "Yu Ruiyuan"]
[Black "Lou Yiping"]
[Result "1/2-1/2"]
[WhiteElo "2511"]
[BlackElo "2419"]

1.e4 e6 2.d4 d5 3.Nd2 Be7 4.Bd3 c5 5.dxc5 Nf6 6.exd5 Qxd5 7.Ngf3 Qxc5 8.O-O O-O
9.Qe2 Nbd7 10.Ne4 Nxe4 11.Qxe4 Nf6 12.Qh4 Qh5 13.Qxh5 Nxh5 14.Ne5 Bd6 15.Re1 Bc7
16.Bd2 Rd8 17.Rad1 Nf6 18.Bg5 h6 19.Bh4 Bxe5 20.Rxe5 Bd7 21.f4 Bc6 22.f5 Rd5
23.Rxd5 Bxd5 24.fxe6 fxe6 25.c4 Bc6 26.Bg6 Rc8 27.Rd6 Be4 28.Bxf6 Bxg6 29.Be5 Rf8
30.b4 Bb1 31.a4 Ba2 32.c5 Bb3 33.a5 a6 34.h4 Ba4 35.Rb6 Rf5 36.Bd4 Rf7 37.Rxe6 Rf4
38.Bc3 Bc6 39.Rg6 Rf7 40.Rg4 Kh7 41.Rd4 h5 42.Rd6 Rf4 43.g3 Rf3 44.Be1 Rf5
45.Re6 g5 46.hxg5 Rxg5 47.Kf2 Rg8 48.Ke3 Re8 49.Rxe8 Bxe8 50.Kf4 Kg6 51.Ke5 Kf7
52.Kd6 Bc6 53.Bc3 Bf3 54.Bd4 Bg2 55.b5 axb5 56.c6 Bxc6 57.a6 Bf3 58.a7 b6
59.Bxb6 b4 60.Bd4 b3 61.Kc5 Ke6  1/2-1/2

[Event "Norsk Sjakkfestival"]
[Site "Fagernes NOR"]
[Date "2012.04.29"]
[Round "2"]
[White "Rozentalis,E"]
[Black "Haugli,P"]
[Result "0-1"]
[WhiteElo "2601"]
[BlackElo "2303"]

1.e4 e6 2.d4 d5 3.Nd2 Be7 4.c3 c5 5.dxc5 Nf6 6.exd5 Qxd5 7.Nb3 Qxd1+ 8.Kxd1 Nbd7
9.Be3 Ng4 10.Bb5 Nxe3+ 11.fxe3 O-O 12.c6 Ne5 13.Nd4 a6 14.Be2 bxc6 15.Ngf3 Ng4
16.Kd2 c5 17.Nc6 Bf6 18.Ne1 Ne5 19.Nxe5 Bxe5 20.Kc2 Bb7 21.Bf3 Bxf3 22.Nxf3 Bc7
23.h3 Rfd8 24.Rhd1 Kf8 25.a4 Ke7 26.Rxd8 Rxd8 27.Rb1 f5 28.Re1 Kf6 29.e4 g5
30.exf5 exf5 31.g4 h5 32.gxf5 Kxf5 33.Re7 Bf4 34.Rg7 Re8 35.h4 g4 36.Rf7+ Ke4
37.Ne1 c4 38.Ng2 Bh6 39.Kd1 Rd8+ 40.Ke1 Rd2 41.Rh7 Rxg2 42.Rxh6 Rxb2 43.Rxh5 g3
44.Kf1 Kf3 45.Rf5+ Kg4 46.Rg5+ Kh3 47.h5 g2+ 48.Kg1 Rb1+ 49.Kf2 Rf1+ 50.Ke3 Rf5
51.Rxf5 g1=Q+ 52.Ke4 Qg4+ 53.Rf4 Qxh5 54.Kd4 Qa5 55.Rf7 Qxa4 56.Rc7 Kg4 57.Rxc4 Qd7+
58.Kc5+ Kf5 59.Rd4 Qb5+ 60.Kd6 Qb6+ 61.Kd5 Qd8+ 62.Kc4 Qc7+ 63.Kb3 Ke5 64.Kb2 Qc5
65.Kb3 a5 66.Kb2 Qb5+ 67.Ka3 Qb1 68.Ra4 Kd5 69.Rh4 Kc5 70.Ra4 Kb5  0-1

[Event "Ostravsky Konik A"]
[Site "Ostrava CZE"]
[Date "2012.04.29"]
[Round "2.27"]
[White "Kondula,Lukas"]
[Black "Kolar,St"]
[Result "0-1"]
[WhiteElo "1912"]
[BlackElo "2061"]

1.e4 e6 2.d4 d5 3.Nd2 Nc6 4.Ngf3 Nf6 5.e5 Ne4 6.Bd3 Nxd2 7.Bxd2 Nb4 8.Bxb4 Bxb4+
9.c3 Be7 10.O-O c5 11.Qe2 c4 12.Bc2 Bd7 13.Nd2 g6 14.f4 h5 15.Qf3 Qc7 16.b3 b5
17.bxc4 bxc4 18.a4 Bc6 19.a5 Rb8 20.Ra2 a6 21.g3 Bd8 22.h3 Bb5 23.Rb1 Qd7
24.Nf1 Bc7 25.Ne3 Qd8 26.Rba1 Bd7 27.Qd1 Rb7 28.Qc1 Kf8 29.Kg2 Kg7 30.Nf1 Qe7
31.Nh2 Rhb8 32.Nf3 Rb5 33.g4 hxg4 34.hxg4 Rh8 35.g5 Rbb8 36.Rb1 Bb5 37.Qe1 Qd8
38.Rba1 Qg8 39.Qg3 Rh5 40.Nh2 Qh7 41.Ng4 Rh8 42.Nf6 Rh2+ 43.Kf3 Qh4 44.Qxh4 R8xh4
45.Rg1 Bxa5 46.Rxa5 Rxc2 47.Kg3 Rch2 48.Ra3 R2h3+ 49.Kg2 Rd3 50.Rf1 Rhh3
51.Rc1 Rh4 52.Rb1 Rhh3 53.Rxb5 axb5 54.Ra8 Rh8  0-1

[Event "TCh-ITA 2012"]
[Site "Arvier ITA"]
[Date "2012.05.01"]
[Round "7"]
[White "Godena,M"]
[Black "Bentivegna,F"]
[Result "1/2-1/2"]
[WhiteElo "2508"]
[BlackElo "2276"]

1.e4 e6 2.d4 d5 3.Nd2 Nc6 4.Ngf3 Nf6 5.e5 Nd7 6.Be2 f6 7.exf6 Qxf6 8.Nf1 Bd6
9.Ne3 O-O 10.O-O Qg6 11.c4 Nf6 12.c5 Bf4 13.g3 Bh6 14.Ng2 Ne4 15.Be3  1/2-1/2

[Event "Copenhagen Chess Challenge 2012"]
[Site "Ballerup DEN"]
[Date "2012.05.03"]
[Round "3"]
[White "Pedersen,Sven2"]
[Black "Percivaldi,Martin"]
[Result "1/2-1/2"]
[WhiteElo "2125"]
[BlackElo "1938"]

1.e4 e6 2.d4 d5 3.Nd2 Be7 4.e5 c5 5.c3 Nc6 6.Ngf3 Nh6 7.Bd3 Qb6 8.dxc5 Bxc5
9.O-O Ng4 10.Qe2 Qc7 11.Nb3 Be7 12.Bf4 h5 13.Rfe1 Bd7 14.Nbd4 a6 15.h3 Nh6
16.Rab1 g6 17.Qd2 Nf5 18.Bxf5 gxf5 19.Nxf5 O-O-O 20.Nxe7+ Nxe7 21.Bg5 Bc6
22.Nd4 Rde8 23.h4 Bd7 24.f4 Nc6 25.Rf1 Kb8 26.Rbe1 Rc8 27.f5 Nxd4 28.Qxd4 Qc4
29.fxe6 Bxe6 30.Be3 Qxd4 31.Bxd4 Rhg8 32.Rf4 Rg6 33.Kh2 Rcg8 34.Re2 Kc8 35.Bc5 Kd7
36.Rd2 Rc8 37.Bd4 Rcg8 38.Rdf2 Rg3 39.R4f3 R3g4 40.g3 R8g6 41.Rd2 Re4 42.Rf6 Rxf6
43.exf6 Bf5 44.Kg2 Ke6 45.Kf2 Bg4 46.Be3 b5 47.Rd4 Re5 48.a4 Rf5+ 49.Bf4 Kd7
50.axb5 axb5 51.b3 Kc6 52.c4 dxc4 53.bxc4 Kc5 54.Rd5+ Rxd5 55.cxd5 Kxd5 56.Ke3 b4
57.Kd2 Bf5 58.Kc1 Ke4 59.Kb2 Be6 60.Kc2 Kf5 61.Bg5 Kg4 62.Bf4 Bc4  1/2-1/2

[Event "NK Jeugd A 2012"]
[Site "Haarlem NED"]
[Date "2012.05.03"]
[Round "6.8"]
[White "Donkers,Joran"]
[Black "Lentjes,N"]
[Result "1/2-1/2"]
[WhiteElo "1967"]
[BlackElo "1946"]

1.e4 e6 2.d4 d5 3.Nd2 Be7 4.Ngf3 Nf6 5.e5 Nfd7 6.c3 c5 7.Bd3 Nc6 8.O-O g5
9.dxc5 g4 10.Nd4 Ndxe5 11.Bb5 Bd7 12.b4 a5 13.Re1 axb4 14.Bxc6 Nxc6 15.Nxc6 Bxc6
16.cxb4 Bf6 17.Rb1 Bb5 18.Nb3 Rxa2 19.Nd4 Bxd4 20.Qxd4 Rg8 21.Bf4 Rc2 22.Qe5 d4
23.Qh5 Rg6 24.Qxh7 d3 25.Qh8+ Kd7 26.Qd4+ Ke8 27.Qh8+ Kd7 28.Qd4+ Ke8 29.Qh8+  1/2-1/2

[Event "MMM Open 2012"]
[Site "Krakow POL"]
[Date "2012.05.03"]
[Round "6.6"]
[White "Jablonska,S"]
[Black "Betkowski,A"]
[Result "1/2-1/2"]
[WhiteElo "1960"]
[BlackElo "2186"]

1.e4 e6 2.d4 d5 3.Nd2 a6 4.Ngf3 Nf6 5.Bd3 c5 6.exd5 exd5 7.dxc5 Bxc5 8.O-O O-O
9.Nb3 Bb6 10.Bg5 h6 11.Bh4 Nc6 12.Re1 Bg4 13.Be2 g5 14.Bg3 Ne4 15.Nfd4 Bxe2
16.Rxe2 Qf6 17.c3 Rfe8 18.Rc2 Re7 19.Qf3 Qxf3 20.gxf3 Nxg3 21.hxg3 Nxd4  1/2-1/2

[Event "NK Jeugd A 2012"]
[Site "Haarlem NED"]
[Date "2012.05.06"]
[Round "9.1"]
[White "Van Overdam,Jul"]
[Black "Donkers,Joran"]
[Result "1-0"]
[WhiteElo "2245"]
[BlackElo "1967"]

1.e4 e6 2.d4 d5 3.Nd2 Nc6 4.Ngf3 Nf6 5.e5 Nd7 6.c3 f6 7.Bb5 a6 8.Bxc6 bxc6
9.O-O Be7 10.Qa4 O-O 11.exf6 Nxf6 12.Ne5 c5 13.Nc6 Qe8 14.Nxe7+ Qxe7 15.b3 cxd4
16.Ba3 Qe8 17.Qxe8 Rxe8 18.cxd4 e5 19.dxe5 Rxe5 20.Nf3 Re2 21.Rfe1 Rxe1+
22.Rxe1 Bd7 23.Rc1 c6 24.Ne5 Re8 25.Bb2 Re6 26.f3 Kf8 27.Kf2 Ke7 28.Nd3 Kd6
29.Ba3+ Kc7 30.Nc5 Re8 31.Nxa6+ Kb6 32.Nc5 Bf5 33.Bb2 Re7 34.Bd4 Kb5 35.a3 h5
36.a4+ Kb4 37.Bc3+ Ka3 38.Ra1+  1-0

[Event "Ostravsky Konik A"]
[Site "Ostrava CZE"]
[Date "2012.05.06"]
[Round "9.3"]
[White "Simacek,P"]
[Black "Hausner,I"]
[Result "1/2-1/2"]
[WhiteElo "2447"]
[BlackElo "2408"]

1.e4 e6 2.d4 d5 3.Nd2 Be7 4.Bd3 c5 5.dxc5 Nf6 6.Qe2 Nc6 7.Ngf3 Nb4 8.Nb3 Nxd3+
9.cxd3 dxe4 10.dxe4 O-O 11.O-O Qc7 12.Bg5 e5 13.Nh4 a5 14.Nf5 Bxf5 15.exf5 e4
16.Rac1 Qe5 17.Rfe1 Qxf5 18.Be3 Rfc8 19.h3 Nd5 20.Bd2 a4 21.Nd4 Qg6 22.Qxe4 Qxe4
23.Rxe4 Bxc5 24.Nf3 b6 25.Kf1  1/2-1/2

[Event "4NCL 2011-12"]
[Site "Hinkley ENG"]
[Date "2012.05.07"]
[Round "9.47"]
[White "Weller,Jean-Luc"]
[Black "Plaskett,J"]
[Result "1-0"]
[WhiteElo "2074"]
[BlackElo "2480"]

1.d4 e6 2.e4 d5 3.Nd2 Nc6 4.Ngf3 Nf6 5.e5 Nd7 6.c3 f6 7.Bb5 fxe5 8.dxe5 Be7
9.O-O O-O 10.Re1 Qe8 11.Nf1 Nc5 12.Ng3 Bd7 13.b4 Na6 14.Bd3 Naxb4 15.cxb4 Nxb4
16.Bb1 c5 17.a3 Ba4 18.Qd2 Nc6 19.Qd3 g6 20.Bh6 Rf7 21.Ng5 c4 22.Qd2 Bc5
23.Nxf7 Qxf7 24.Be3 d4 25.Bg5 d3 26.Be3 Nd4 27.Qc3 Nb5 28.Qxc4 d2 29.Bxd2 Bxf2+
30.Kh1 Bxe1 31.Bxe1 Rf8 32.Bd3 Qd7 33.Ne4 Nc7 34.Nf6+ Rxf6 35.exf6 Bb5 36.f7+ Qxf7
37.Qd4  1-0

[Event "47th Capablanca Memorial Premier"]
[Site "Havana CUB"]
[Date "2012.05.08"]
[Round "5.3"]
[White "Ortiz Suarez,I"]
[Black "Rakhmanov,Ale"]
[Result "1/2-1/2"]
[WhiteElo "2572"]
[BlackElo "2603"]

1.e4 e6 2.d4 d5 3.Nd2 Be7 4.Ngf3 Nf6 5.e5 Nfd7 6.Bd3 c5 7.c3 b6 8.Nf1 Ba6
9.Bxa6 Nxa6 10.Ng3 b5 11.O-O b4 12.Qa4 Qb6 13.Nh5 g6 14.Nf6+ Bxf6 15.exf6 h6
16.Ne5 Nb8 17.dxc5 Qa6 18.Qxa6 Nxa6 19.Nxd7 Kxd7 20.cxb4 Nxb4 21.Bd2 a5 22.a3 Nd3
23.b4 e5 24.Rfd1 axb4 25.axb4 Kc6 26.Kf1 h5 27.Ke2 Nb2 28.Rdc1 Nc4 29.Be1 Kb5
30.Kd3 g5 31.f3 g4 32.Bc3 gxf3 33.gxf3 Rxa1 34.Rxa1 Rh6 35.f4 d4 36.Be1 Rxf6
37.fxe5 Nxe5+ 38.Kxd4 Nc6+ 39.Kd3 Rf1 40.Ke2 Rh1 41.h4 Rh2+ 42.Kf3 Rb2 43.Ke4 Rg2
44.Kf5 Rg4 45.Rc1 Rg6 46.Rd1 Rg1 47.Kf6 Rf1+ 48.Kg5 f5 49.Rc1 Nxb4 50.Rb1 Kc6
51.Rxb4 Rxe1 52.Rc4 Re4 53.Rc1 f4 54.Kxh5 f3 55.Rf1 Rf4 56.Kg5 Rf8 57.h5 Kxc5
58.Kg4 f2 59.Kg3  1/2-1/2

[Event "Asian Continental 2012"]
[Site "Ho Chi Minh City VIE"]
[Date "2012.05.09"]
[Round "5.27"]
[White "Qu Yanqiao"]
[Black "Goh Weiming"]
[Result "0-1"]
[WhiteElo "2159"]
[BlackElo "2426"]

1.e4 e6 2.d4 d5 3.Nd2 Be7 4.Bd3 c5 5.dxc5 Nf6 6.exd5 Qxd5 7.Ngf3 Nbd7 8.O-O Nxc5
9.Bc4 Qh5 10.Re1 Ncd7 11.Qe2 O-O 12.b3 Nb6 13.Bb2 Nxc4 14.Nxc4 b6 15.Nce5 Bb7
16.c4 Ne4 17.Red1 Rfd8 18.Rxd8+ Rxd8 19.Rd1 f6 20.Rxd8+ Bxd8 21.Qd1 Qe8 22.Ng4 Bc7
23.Ne3 Nc5 24.Nd4 Qd7 25.Nb5 Qxd1+ 26.Nxd1 Bb8 27.Bd4 Nd3 28.Be3 Kf7 29.h3 f5
30.f3 e5 31.Kf1 e4 32.fxe4 Bxe4 33.Nf2 Nxf2 34.Kxf2 Bc6 35.Nd4 Be4 36.Nb5 Ke6
37.c5 f4 38.Bd4 Kd5 39.cxb6 axb6 40.Nc7+ Kxd4 41.Na6 Bd6  0-1

[Event "ch-USA 2012"]
[Site "Saint Louis USA"]
[Date "2012.05.10"]
[Round "3"]
[White "Stripunsky,A"]
[Black "Akobian,V"]
[Result "1-0"]
[WhiteElo "2562"]
[BlackElo "2625"]

1.e4 e6 2.d4 d5 3.Nd2 Be7 4.Bd3 c5 5.dxc5 Nf6 6.Qe2 O-O 7.Ngf3 Nfd7 8.Nb3 a5
9.e5 a4 10.h4 f5 11.exf6 Rxf6 12.Nbd4 Nxc5 13.Bg5 Nc6 14.Nxc6 bxc6 15.Ne5 Qa5+
16.Kf1 Qc7 17.Re1 Nxd3 18.cxd3 Rf5 19.Bxe7 Qxe7 20.Nxc6 Qc5 21.Ne5 d4 22.Kg1 Qd5
23.Nc4 Rb8 24.Rh3 Ba6 25.Rg3 Rbf8 26.Nb6 Qd6 27.Qxe6+ Qxe6 28.Rxe6 R8f6 29.Rxf6 Rxf6
30.Nxa4 Rc6 31.b4 Rc1+ 32.Kh2 Ra1 33.Nc5 Bb5 34.Ne6 g6 35.Rf3 h6 36.Nxd4 Be8
37.Re3 Bf7 38.Re2 Bxa2 39.Re8+ Kf7 40.Ra8  1-0

[Event "FSIM May 2012"]
[Site "Budapest HUN"]
[Date "2012.05.11"]
[Round "7"]
[White "Tesik,C"]
[Black "Galyas,M"]
[Result "1/2-1/2"]
[WhiteElo "2339"]
[BlackElo "2403"]

1.e4 e6 2.d4 d5 3.Nd2 Be7 4.Ngf3 Nf6 5.e5 Nfd7 6.Bd3 c5 7.O-O cxd4 8.Re1 Nc6
9.Nb3 Qb6 10.Bf1 O-O 11.Nbxd4 Nxd4 12.Nxd4 Bc5 13.c3 f6 14.exf6 Nxf6 15.Be3 e5
16.b4 Bxd4 17.cxd4 e4 18.Qd2 Bd7 19.Rac1 Ng4 20.Bf4 Rf7 21.Be2 Nxf2 22.Rc5 Raf8
23.Bg3 Qe6 24.Qe3 Nd3 25.Bxd3 exd3 26.Qxd3 Qg4 27.Rxd5 Bc6 28.Rde5 a6 29.h3 Qd7
30.d5 Bb5 31.Qd4 h6 32.Kh2 Qc8 33.Qd2 Qd8 34.Qd4 Qc8 35.Qd2 Qd8  1/2-1/2

[Event "Serbia Cup Final 2012"]
[Site "Kragujevac SRB"]
[Date "2012.05.16"]
[Round "3"]
[White "Bojkovic,N"]
[Black "Savicevic,V"]
[Result "1-0"]
[WhiteElo "2385"]
[BlackElo "2313"]

1.e4 e6 2.d4 d5 3.Nd2 Be7 4.Bd3 c5 5.dxc5 Nf6 6.Qe2 O-O 7.Ngf3 Nfd7 8.Nb3 a5
9.exd5 exd5 10.O-O a4 11.Nbd4 Nxc5 12.Re1 Bf6 13.h3 a3 14.bxa3 Nc6 15.c3 Nxd3
16.Qxd3 Na5 17.Bf4 Nc4 18.Nb5 Qd7 19.Nfd4 Ra5 20.Rab1 b6 21.Qg3 h5 22.Bg5 Bxd4
23.Nxd4 f6 24.Bf4 Kf7 25.Re2 Re8 26.Rbe1 Rxe2 27.Rxe2 Qd8 28.Nc6  1-0

[Event "21st CRO-Cup"]
[Site "Sibenik CRO"]
[Date "2012.05.16"]
[Round "1.52"]
[White "Berke,A"]
[Black "Zaja,I"]
[Result "1/2-1/2"]
[WhiteElo "2153"]
[BlackElo "2511"]

1.e4 e6 2.d4 d5 3.Nd2 a6 4.Ngf3 c5 5.exd5 exd5 6.c4 Nf6 7.Be2 Nc6 8.dxc5 Bxc5
9.O-O d4 10.Nb3 b6 11.Bf4 O-O 12.Ne5 Bb7 13.Bf3 Rc8 14.Nd3 Be7 15.Rc1 Re8
16.Re1 Qd7 17.Bg3 Rcd8 18.a3 a5 19.Nd2 Bd6  1/2-1/2

[Event "Serbia Cup Final 2012"]
[Site "Kragujevac SRB"]
[Date "2012.05.17"]
[Round "4"]
[White "Zajic,Milan"]
[Black "Chelushkina,I"]
[Result "0-1"]
[WhiteElo "2141"]
[BlackElo "2241"]

1.e4 e6 2.d4 d5 3.Nd2 a6 4.Ngf3 c5 5.exd5 exd5 6.dxc5 Bxc5 7.Be2 Nc6 8.O-O Nge7
9.Nb3 Bd6 10.Bg5 Qc7 11.Bh4 Be6 12.Bg3 O-O-O 13.Bxd6 Rxd6 14.Nfd4 Bd7 15.Qd2 Rh6
16.g3 Rf6 17.Nxc6 Bxc6 18.Nd4 h5 19.h4 Bd7 20.Rfe1 Ng6 21.Qg5 Kb8 22.Bf3 Bc8
23.Qxd5 Rd8 24.Qe4 Nf4 25.Qe3 Nh3+ 26.Kg2 g5 27.hxg5 Rg6 28.Rad1 Rxg5 29.Qe7 Rd7
30.Qe4 Nxf2 31.Kxf2 Qxg3+ 32.Kf1 Rd6 33.Qe3 Bh3+ 34.Ke2 Re5 35.Be4 Bg4+ 36.Kd3 Qxe3+
37.Kxe3 Bxd1 38.Kf4 Rxd4 39.Kxe5 Rd2 40.c4 Bg4 41.Rf1 Be6 42.b3 Rxa2 43.Bd5 Rb2
44.Bxe6 Re2+ 45.Kd4 Rxe6 46.Rxf7 Rh6 47.Rf3 h4 48.Rh3 Kc7 49.Ke5 a5 50.Kd5 Rh5+
51.Ke4 Kc6 52.Kd4 Kb6 53.c5+ Kb5 54.Rf3 h3 55.Rf6 Rh4+ 56.Kd5 Kb4  0-1

[Event "Serbia Cup Final 2012"]
[Site "Kragujevac SRB"]
[Date "2012.05.18"]
[Round "5"]
[White "Gosic,B"]
[Black "Jovanovic,Boj2"]
[Result "1/2-1/2"]
[WhiteElo "2301"]
[BlackElo "2175"]

1.e4 e6 2.d4 d5 3.Nd2 Be7 4.Ngf3 c5 5.exd5 Qxd5 6.Bc4 Qd8 7.O-O cxd4 8.Nb3 Nf6
9.Nbxd4 Qc7 10.Qe2 a6 11.a4 b6 12.Bg5 Nc6 13.Nxc6 Qxc6 14.Ne5 Qe4 15.Qxe4 Nxe4
16.Bxe7 Kxe7 17.Rfd1 Re8 18.Be2 Kf6 19.f4 Ra7 20.Bf3 Nc5 21.Bc6 Ree7 22.Rd6 Rac7
23.b4 Nd7 24.Bxd7 Bxd7 25.Rxb6 Rxc2 26.Rxa6 Be8 27.b5 Kf5 28.g3 f6 29.Nc6 Rd7
30.Ra8 Rdd2 31.Rxe8 Rg2+ 32.Kf1 Rgf2+ 33.Ke1 Rfe2+  1/2-1/2

[Event "TUR-ALG Friendship m 2012"]
[Site "Ankara TUR"]
[Date "2012.05.19"]
[Round "7"]
[White "Seraoui,Mohcen"]
[Black "Ali Marandi,C"]
[Result "0-1"]
[WhiteElo "2165"]
[BlackElo "2351"]

1.e4 e6 2.d4 d5 3.Nd2 a6 4.Ngf3 Nf6 5.e5 Nfd7 6.Bd3 c5 7.c3 Nc6 8.O-O g5
9.h3 h5 10.g4 hxg4 11.hxg4 Be7 12.Re1 Qb6 13.c4 Nxd4 14.cxd5 exd5 15.Nxd4 Qh6
16.Qf3 cxd4 17.Nf1 Nc5 18.Bf5 Bxf5 19.gxf5 Nd3 20.Bd2 Nxe1 21.Rxe1 g4 22.Qg2 Qh3
23.Qxd5 Qf3 24.Qxf3 gxf3 25.f6 Bf8 26.Ng3 Rc8 27.Ne4 Rc2 28.Bf4 Re2 29.Rxe2 fxe2
30.Bd2 Rh3 31.e6 Rd3 32.e7 Bxe7 33.Ba5 Rd1+ 34.Kg2 e1=Q 35.Bxe1 Rxe1  0-1

[Event "ch-CZE 2012"]
[Site "Kouty nad Desnou CZE"]
[Date "2012.05.19"]
[Round "8"]
[White "Kratochvil,Jo"]
[Black "Kraus,To"]
[Result "0-1"]
[WhiteElo "2231"]
[BlackElo "2255"]

1.e4 e6 2.d4 d5 3.Nd2 Nc6 4.Ngf3 Nf6 5.e5 Nd7 6.c3 f6 7.exf6 Qxf6 8.Bb5 Bd6
9.Nf1 e5 10.Bg5 Qg6 11.dxe5 Ncxe5 12.Nxe5 Bxe5 13.f4 Qe4+ 14.Be2 Bf6 15.Ng3 Qxg2
16.Qd2 O-O 17.O-O-O Bxg5 18.fxg5 Nb6 19.Rdg1 Qh3 20.Nh5 c5 21.Rg3 Qh4 22.Rhg1 Bf5
23.Bf3 Bg6 24.Qd1 Rxf3 25.Qxf3 Bxh5 26.Qe3 Re8 27.Qxc5 Qf4+ 28.Kb1 Qe4+ 29.Kc1 Bg6  0-1

[Event "ch-UZB Major w 2012"]
[Site "Tashkent UZB"]
[Date "2012.05.19"]
[Round "3"]
[White "Tokhirjanova,H"]
[Black "Nodirjanova,N"]
[Result "1/2-1/2"]
[WhiteElo "2158"]
[BlackElo "2180"]

1.e4 e6 2.d4 d5 3.Nd2 Be7 4.Ngf3 Nf6 5.e5 Nfd7 6.Bd3 c5 7.c3 Nc6 8.O-O g5
9.b3 cxd4 10.cxd4 g4 11.Ne1 Nxd4 12.Bb2 Nc6 13.Bb5 h5 14.Rc1 Qb6 15.Qe2 Ndb8
16.Nc2 Bd7 17.Kh1 Bg5 18.Bd3 Na6 19.f4 gxf3 20.Rxf3 Nc5 21.Rcf1 Nxd3 22.Qxd3 Nd8
23.Nd4 a6 24.Rg3 Be7 25.Qf3 Bb5 26.Rc1 h4 27.Rg4 Qa5 28.Bc3 Rc8 29.Nc4 Qc7
30.Nd6+ Bxd6 31.exd6 Qxd6 32.Re1 Rxc3 33.Qxc3 Rh5 34.Nxb5 axb5 35.Qf6 Qf8
36.Rxh4 Rxh4 37.Qxh4 Qc5 38.Qg5 Qf2 39.Rc1 Nc6 40.h4 d4 41.h5 d3 42.Rd1 Qe2
43.Rd2 Qe1+ 44.Kh2 Ne5 45.h6 Qe4 46.Kg1 Qe1+ 47.Kh2 Qe4 48.Kg1 Qe1+ 49.Kh2 Qe4  1/2-1/2

[Event "30th Liechtenstein Open 2012"]
[Site "Triesen LIE"]
[Date "2012.05.19"]
[Round "9.4"]
[White "Paehtz,T sr"]
[Black "Farago,I"]
[Result "1-0"]
[WhiteElo "2438"]
[BlackElo "2500"]

1.e4 e6 2.d4 d5 3.Nd2 Be7 4.e5 c5 5.Qg4 Kf8 6.dxc5 Nc6 7.Ngf3 f6 8.Qg3 fxe5
9.Nxe5 Nxe5 10.Qxe5 Bxc5 11.Bd3 Nf6 12.Nf3 Bxf2+ 13.Ke2 Bc5 14.Bf4 Bd7 15.b4 Bb6
16.Rhf1 Rc8 17.Bg5 Bc7 18.Qe3 e5 19.Nxe5 Bxe5 20.Qxe5 Rc6 21.Kd2 Qe7 22.Qd4 Kf7
23.Rae1 Re6 24.Rxe6 Bxe6 25.Qh4 h6 26.Rxf6+ gxf6 27.Qh5+ Kf8 28.Bxh6+ Rxh6
29.Qxh6+ Ke8 30.Bg6+ Bf7 31.Bxf7+ Qxf7 32.Qe3+  1-0

[Event "Deltalift Open 2012"]
[Site "Tylosand SWE"]
[Date "2012.05.19"]
[Round "8.18"]
[White "Ask,J"]
[Black "Svensson,Mikael"]
[Result "1-0"]
[WhiteElo "2205"]
[BlackElo "2049"]

1.e4 e6 2.d4 d5 3.Nd2 Be7 4.Bd3 Nc6 5.Ngf3 Nb4 6.Be2 dxe4 7.Nxe4 Nf6 8.Nxf6+ Bxf6
9.c3 Nc6 10.Bf4 O-O 11.O-O b6 12.Bd3 Ne7 13.Be4 Rb8 14.Qc2 Ng6 15.Bg3 Bb7
16.Rad1 Qe7 17.Rfe1 Bxe4 18.Qxe4 Rbd8 19.Qc6 Rd7 20.Re4 Qd8 21.Rde1 Ne7 22.Qc4 Nf5
23.Be5 Bxe5 24.Nxe5 Rd5 25.a3 a5 26.g3 Ne7 27.h4 Ng6 28.Nf3 Qf6 29.R4e3 h5
30.Qc6 Qd8 31.Ng5 Ne7 32.Qc4 Nf5 33.Rxe6 Nxh4 34.R6e5 Rxe5 35.Rxe5 Ng6 36.Rf5 Qe7
37.Qc6 h4 38.Qf3 hxg3 39.Qh5 gxf2+ 40.Kxf2 Re8 41.Qh7+ Kf8 42.Rxf7+  1-0

[Event "Salento Open 2012"]
[Site "Gallipoli ITA"]
[Date "2012.05.20"]
[Round "2"]
[White "Lanzani,M"]
[Black "Naumkin,I"]
[Result "0-1"]
[WhiteElo "2327"]
[BlackElo "2472"]

1.e4 e6 2.d4 d5 3.Nd2 Nc6 4.Ngf3 Nf6 5.e5 Nd7 6.Be2 f6 7.exf6 Qxf6 8.Nf1 Bd6
9.Ne3 b6 10.O-O Bb7 11.c4 Ne7 12.cxd5 Nxd5 13.Nc4 O-O 14.Nxd6 cxd6 15.Qb3 h6
16.Bd2 Qg6 17.Rfe1 N7f6 18.Bd3 Qf7 19.Rac1 Nh5 20.Be4 Nhf4 21.g3 Nh3+ 22.Kg2 Qh5
23.Re2 Rf6  0-1

[Event "50th ch-IND Challengers 2012"]
[Site "Tirupati IND"]
[Date "2012.05.21"]
[Round "6.9"]
[White "Dhar,R"]
[Black "Praveen Kumar,C1"]
[Result "1/2-1/2"]
[WhiteElo "2158"]
[BlackElo "2342"]

1.e4 e6 2.d4 d5 3.Nd2 Be7 4.Ngf3 Nf6 5.Bd3 c5 6.c3 Nc6 7.O-O cxd4 8.Nxd4 Nxd4
9.cxd4 dxe4 10.Nxe4 O-O 11.Be3 Nd5 12.Nc3 Nxe3 13.fxe3 b6 14.Be4 Rb8 15.Qd3 g6
16.Rad1 Bf6 17.Bf3 Bb7 18.e4 Qd7 19.e5 Be7 20.Bxb7 Qxb7 21.Ne4 Rbd8 22.Qe3 Kg7
23.Rf3 h6 24.Nf6 Rh8 25.Qf4 Rdf8 26.Rc1 Bxf6 27.Qxf6+ Kg8 28.Rfc3 Qe4 29.Rc8 Kh7
30.R8c7 Kg8 31.Qf2 a5 32.h3 h5 33.Qf6 Qxd4+ 34.Kh2 Qd8 35.Re7 h4 36.Rcc7 Rh7
37.Rcd7 Qc8 38.Rc7 Qb8 39.Rb7 Qa8 40.Rxb6 Qe4 41.Rbb7 Qe1 42.Red7 Rg7 43.Rd4 g5
44.Rg4 Qd2 45.Rb5 Rc8 46.Rb3 Rf8 47.Rf3 Rc8  1/2-1/2